000 00389nam a2200145Ia 4500
008 230917s9999||||xx |||||||||||||| ||und||
040 _e77501
_aMAIN
041 _aEnglish
082 _a342.54 S36P
100 _aSeervai, H M
245 4 _aThe position of the judiciary under the constitution of India
260 _aBombay
_bUniversity of Bombay
_cn.d
300 _a237 p.
942 _cBK
999 _c230234
_d230234